00847nam a2200205 a 450000100100000000500170001000800410002704000250006808200150009310000430010824500770015126000330022830000330026149000230029450400270031759000750034483000300041995201750044999900170062400003509620200930074112.0111025s1984 sp ab 000 0 spa d aDO-SdBNPbspacBNPHU axxxxbxxxx1 aRodríguez Adrados, Jesús V.96076310aDioses y héroes :bmitos clásicos /cJesús V. Rodríguez Adrados. aBarcelona, :bSalvat,c1984. a64 p. :bil., map. ;c19 cm.1 aSalvat temas clave aBibliografía : p. 64 aPerteneció a la biblioteca personal de Juan Isidro Jimenes Grullón 0aSalvat temas clave960764 001050718MOaGRbGRcHDd2011-10-25iLF1l0oxxxx xxxxp35096-10r2020-06-25w2020-06-25y1zPerteneció a la biblioteca personal de Juan Isidro JimenesZNo se presta c34587d34587